Análisis hidrológico e hidráulico del sistema de evacuación de aguas pluviales de una cuenca urbana
Na minha lista:
| Autor principal: | |
|---|---|
| Formato: | Livro |
| Idioma: | Spanish |
| Publicado em: |
San José, C.R.
2000
|
| Assuntos: | |
| Tags: |
Adicionar Tag
Sem tags, seja o primeiro a adicionar uma tag!
|
MARC
| LEADER | 00000nam a22000007a 4500 | ||
|---|---|---|---|
| 001 | 4173 | ||
| 003 | 010170 | ||
| 005 | 20221231144208.0 | ||
| 008 | 170504b2000 cr a|||| m||| 00| ||spa d | ||
| 040 | |c cru CEDI | ||
| 100 | |9 8153 |a Araya Mora, Allan | ||
| 245 | |a Análisis hidrológico e hidráulico del sistema de evacuación de aguas pluviales de una cuenca urbana | ||
| 260 | |a San José, C.R. |c 2000 | ||
| 300 | |a 123 hojas : ilustraciones (algunas a color) | ||
| 500 | |a Tesis (icenciatura en Ingeniería Civil)--Universidad de Costa Rica. Facultad de Ingeniería. Escuela de Ingeniería Civil | ||
| 650 | |x CUENCAS HIDROGRAFICAS |x INVESTIGACIONES |x HIDROLOGIA URBANA |x AGUAS PLUVIALES |x INUNDACIONES |9 8154 | ||
| 942 | |c TFG | ||
| 999 | |c 18276 |d 18276 | ||
